Deutsche Serien 3 (Sudden Death) - Statistiken

Allgemein
  • Dieses Quiz wurde 120 mal gespielt
  • Das Durchschnittsergebnis liegt bei 4 aus 15
Answers on the Grid
Answers color-coded by a green-red scale on the quiz's grid according to % correct below.
Fragenfrei
Nordholm
Bürokratie in der Schachtel
Nicht zu Vergessen
Die junge Alte
Reset, wie weit willst du gehen?
Keine Sekunde zu früh
Belindas Urteil
Wissen macht Ah!
Der Pass
Stones, die Leichenjäger
Tonis Welt
Morgen hör ich auf
Die Tannendame
Inside the Building
Haus aus Stein
Der Lack ist ab
Das Haus Anubis
Neuer Frieden
Die Gahrlands, eine Familie zu zweit
Wenn Hunde in Pfannen verrückt werden
Boom Boom Päng
Kleidergröße 62
Armans Geheimnis
Besuch bei den Ostermanns
Seltenes Bier
Das Fest der Liebe
Flitzer am Straßenrand
Das Geheimnis des Totenwaldes
Ein Schritt zum Abgrund
A Better Place
Ein Herz und eine Seele
Wednesdaybooks, ein Buchhändlermord
Verrückt nach Meer
 
Antwortstatistiken
Antwort % Korrekt
Wissen macht Ah!
78%
Verrückt nach Meer
56%
Ein Herz und eine Seele
55%
Das Haus Anubis
49%
Nordholm
30%
Der Pass
29%
Das Geheimnis des Totenwaldes
23%
Der Lack ist ab
22%
Armans Geheimnis
20%
Tonis Welt
19%
Morgen hör ich auf
12%
A Better Place
6%
Reset, wie weit willst du gehen?
5%
Das Fest der Liebe
4%
Ein Schritt zum Abgrund
0%
Keine übereinstimmenden Quizze gefunden
Verteilung der Resultate
Anzahl Personen mit jedem Resultat
Perzentil nach korrekt beantworteten Fragen
Ihre Resultats-Entwicklung
Sie haben dieses Quiz noch nicht gespielt